| 000 | 00471nam a22001577a 4500 | ||
|---|---|---|---|
| 005 | 20250310132520.0 | ||
| 008 | 250310b |||||||| |||| 00| 0 eng d | ||
| 020 | _a9780749408251 | ||
| 050 | _aHM263 WRA | ||
| 100 | _aWragg David | ||
| 245 |
_aTargeting Media Relations: _bA step-by-step guide to cost-effective public relations/ _cDavid Wragg |
||
| 260 |
_aLondon _bKogan Page Limited _c1993 |
||
| 300 |
_a170p. _c15 cm |
||
| 650 | _2Public Relations | ||
| 942 |
_2lcc _cBK _n0 |
||
| 999 |
_c4655 _d4655 |
||